000 00408nam a22001697a 4500
005 20180606112226.0
008 160611b xxu||||| |||| 00| 0 eng d
020 _a9788184120356
041 _aeng
082 _b6833
_a650.01513
100 _aVeerna, A.P.
_91694
245 _aBusiness Mathematics
260 _aNew Delhi
_bAsin Book Pvt. Ltd.
300 _a784
650 _aManagement
_9241
942 _cBK
999 _c2388
_d2387